Statistics for DC Comics Character Chain #3

Click here to take the quiz!

General Stats

  • This quiz has been taken 15 times
  • The average score is 5 of 15

Answer Stats

HintAnswer% Correct
Batman's first sidekick's identityDick Grayson
100%
Jack Kirby's most popular creation; Darkseid is one of themNew Gods
46%
Robotic member of the Justice LeagueRed Tornado
46%
Alter-ego of Stephanie BrownSpoiler
46%
Peacemaker's petEagly
38%
Spirit of vengeanceSpectre
38%
Original love interest of SupermanLana Lang
31%
Son of Alan ScottObsidian
23%
Originally Dick Grayson's codename to infiltrate the criminal undergroundRed X
23%
Original superhero created in Arrow; John DiggleSpartan
23%
The newest Wonder GirlYara Flor
23%
Kong Kenan's superhero nameNew Superman
15%
One of the Templar GuardiansNatos
8%
Team of the top members of each lantern corpsNew Guardians
8%
Member of the Legion of SuperheroesX-Ray Girl
8%

Score Distribution

Percentile by Number Answered

Percent of People with Each Score

Your Score History

You have not taken this quiz